Movies Quiz

Random Movies or Color Quiz

Colorful Movies: A Word Too Many Quiz Stats

 Plays Quiz Updated Jun 29, 2017

Support Sporcle.
Go Orange.
Score 0/16 Timer 02:00
1 Play Today
Question Answer Wrong Answers
What's the extra word?

W. Smith, T.L. Jones (1997)
Suits
91%
Men
0.6%
In
0.5%
Black
1.6%
What's the extra word?

P. Sellers (1963)
Floyd
90.9%
The
0.6%
Pink
0.7%
Panther
1.2%
What's the extra word?

T. Hanks, M.C. Duncan (1999)
High
90.4%
The
0.9%
Green
1.5%
Mile
0.8%
What's the extra word?

M. Ringwald (1986)
Dress
90.3%
Pretty
1.1%
in
1.2%
Pink
0.8%
What's the extra word?

J. Hartnett, E. McGregor (2001)
Chicago
89.8%
Black
0.9%
Hawk
1.1%
Down
1.4%
What's the extra word?

D. Glover, O. Winfrey (1985)
Velvet
89.2%
The
0.6%
Color
1.9%
Purple
1.8%
What's the extra word?

M. McDowell (1971)
The
84.7%
A
7.5%
Clockwork
0.7%
Orange
0.7%
What's the extra word?

B. Pitt, A. Hopkins (1998)
Eyed
83.1%
Meet
8.3%
Joe
1%
Black
0.9%
What's the extra word?

S. Burrows, S.L. Jackson (1999)
Something
81.6%
Deep
0.9%
Blue
0.9%
Sea
9.7%
What's the extra word?

H. Grant, J. Caan (1999)
Mouse
79.6%
Mickey
5.6%
Blue
5.2%
Eyes
2.8%
What's the extra word?

C. Tatum, J. Foxx (2013)
Upside
79.5%
White
10%
House
1.7%
Down
1.7%
What's the extra word?

B. Murphy and R. Livingston (2003)
Stuart
60.9%
Little
1.5%
Black
19.1%
Book
11.5%
What's the extra word?

S.L. Jackson, C. Ricci (2006)
Rattle
49.4%
Black
8.3%
Snake
3.3%
Moan
31.2%
What's the extra word?

N. Cage, D. Hopper (1993)
Virginia
43.2%
Red
12.9%
Rock
10.9%
West
24.4%
What's the extra word?

J. Reno, R. Arquette (1988)
Ocean
38.1%
The
24.4%
Big
22.6%
Blue
7.4%
What's the extra word?

J. Binoche (1993)
Whales
33.9%
Three
3.4%
Colors
52.2%
Blue
2.4%

You're not logged in!

Compare scores with friends on all Sporcle quizzes.
OR
Log In
Forgot?

From the Vault

Baby Names Starting with JO-

by Pillbug

Her beauty is beyond compare, but Jolene did not make the cut.
Remove Ads.
Support Sporcle.
Get the best of Sporcle when you Go Orange. This ad-free experience offers more features, more stats, and more fun while also helping to support Sporcle. Thank you for becoming a member.

Show Comments

Extras

Top Quizzes Today


Score Distribution

Your Account Isn't Verified!

In order to create a playlist on Sporcle, you need to verify the email address you used during registration. Go to your Sporcle Settings to finish the process.

Report this User

Report this user for behavior that violates our Community Guidelines.

Details: